000 00448nam a2200181Ia 4500
001 4159
005 20260306145735.0
008 260306t2009||||xx |||||||||||||| ||spa||
041 _aESP
082 _a307.14
_bT81
100 _aTrivelli, Carolina
_eAUT
245 0 _aDesarrollo rural en la sierra:
_baportes para el debate
260 _c2009
300 _a356 páginas :
_c24 cm.
650 _aGEN
654 _aCHU
942 _cLIB
_dJUS
_fJUS
_2ddc
_n
999 _c4159
_d4159